1741 1219 1719 1663 1300 1924 1056 1353 1837 1758 1499 1989 1589 1071 1206 1906 1567 1643 1626 1438 1570 1740 1685 1274 1778 1245 1398 1803 1046 1968 1772 1199 1999 1625 1147 1551 1424 1344 1383 1629 1651 1437 1108 1036 1114 1407 1876 1226 1448 1498 1915 1313 1340 1446 1276 1884 1950 1977 1561 1212 1015 1563 1225 1766 1641 1270 1313 1893 1241 1375 1414 1445 1580 1421 1434 1818 1252 1341 1169 1152 1370 1365 1005 1336 1597 1765 1971 1375 1632 1693 1430 1516 1890 1161 1964 1870 1736 1016 1493 BCNSPRNW ULIB Ver.6.0+V

เปลี่ยนเป็นภาษาไทย

Change to English
 แสดงรายละเอียดบรรณานุกรม
  กลับหน้าหลัก

Brief Record : Get Marc (ISO 2709) : E-mail record : QR code < ปิดหน้าต่าง
LEADER : 00000nam 2200000uu 4500
001    13399124238
003     ULIB
008    020711s2015 th a 000 0 eng d
020    9780323100014
060    WY152^bC777F
100    Kim Cooper.
245    Foundations and Adult Health Nursing./^cKim Cooper.,Kelly Gosnell.
250    7th ed
260    St.Louis. :^bElsevier,^c2015
300    2240 pages;^b27.5 cm
650    Adoult Health Nursing
700    Kelly Gosnell.
945    ^p0^l0^i039070
รายการนี้ยังไม่มีแท็ก
คุณยังไม่ได้ล็อกอิน คุณสามารถมีกิจกรรมร่วมกับเว็บไซต์ได้ แต่ต้องล็อกอินก่อน ::
  ล็อกอิน

รายการสื่อสารสนเทศ

ลำดับที่ ประเภท เลขเรียก/บาร์โค้ด สถานที่ สถานะ
1. Book การพยาบาล
Book การพยาบาล
WY152 C777F ฉ.1 
  Barcode: 039070
ห้องสมุดวิทยาเขตสวรรค์ประชารักษ์
►หนังสือทั่วไป
บนชั้น

รายการใกล้เคียง
    ผู้แต่ง [Kim Cooper.]

BibComment


ยังไม่เคยถูกคอมเมนท์

คอมเมนท์ทรัพยากรรายการนี้
  คอมเมนท์: Foundations and A..


 Copyright 2026. Bcnsprnw @Library